| 000 | 00826aam a2200277 4500 | ||
|---|---|---|---|
| 005 | 20170126083830.0 | ||
| 008 | 150421b xxu||||| |||| 00| 0 spa d | ||
| 041 | _aspa | ||
| 082 | _a153.9 G463i | ||
| 100 |
_aGil'Adi, Daniel _934472 |
||
| 245 | _aInteligencia emocional en práctica: manual para el éxito personal y organizacional | ||
| 260 |
_aColombia _bMcGraw-Hill _c2000 |
||
| 300 | _a230 páginas | ||
| 650 |
_aINTELIGENCIA EMOCIONAL _93639 |
||
| 650 |
_aEMPATÍA _9275 |
||
| 650 |
_aCONGRUENCIA _934473 |
||
| 650 |
_aASERTIVIDAD _98828 |
||
| 650 |
_aESTRÉS _94272 |
||
| 650 |
_aAUTOESTIMA _9460 |
||
| 650 |
_aLOCUS DE CONTROL _934474 |
||
| 650 |
_aMANEJO DE EMOCIONES _934475 |
||
| 650 |
_aAUTOHIPNOSIS _934476 |
||
| 650 |
_aSISTEMA ENDOCRINO _94246 |
||
| 650 |
_aPENSAMIENTOS POSITIVOS _934477 |
||
| 942 | _cBK | ||
| 999 |
_c4907 _d4907 |
||